Apartments Today / (Record no. 8650)
[ view plain ]
| 000 -LEADER | |
|---|---|
| campo de control de longitud fija | 00265nam a2200121Ia 4500 |
| 005 - FECHA Y HORA DE LA ÚLTIMA TRANSACCIÓN | |
| campo de control | 20260328101451.0 |
| 008 - DATOS DE LONGITUD FIJA--INFORMACIÓN GENERAL | |
| campo de control de longitud fija | 260328s9999||||xx |||||||||||||| ||und|| |
| 100 ## - ENTRADA PRINCIPAL--NOMBRE DE PERSONA | |
| Nombre de persona | Lee, Uje |
| 245 #0 - MENCIÓN DEL TÍTULO | |
| Título | Apartments Today / |
| Mención de responsabilidad, etc. | Uje Lee |
| 260 ## - PUBLICACIÓN, DISTRIBUCIÓN, ETC. | |
| Nombre del editor, distribuidor, etc. | C3 |
| 300 ## - DESCRIPCIÓN FÍSICA | |
| Extensión | 259 p. |
| 942 ## - ELEMENTOS DE ENTRADA SECUNDARIOS (KOHA) | |
| Tipo de ítem Koha | Libros |
| Estatus retirado | Estado de pérdida | Estado de daño | No para préstamo | Colección | Biblioteca de origen | Biblioteca actual | Ubicación en estantería | Fecha de adquisición | Número de inventario | Total de préstamos | Signatura topográfica completa | Código de barras | Visto por última vez | Copia número | Precio de reemplazo | Tipo de ítem Koha |
|---|---|---|---|---|---|---|---|---|---|---|---|---|---|---|---|---|
| General | Biblioteca Gonzalo Peláez Caldas | Biblioteca Gonzalo Peláez Caldas | Colección general | 28/03/2026 | 2447 | 728.3 L 5101 | 2447 | 28/03/2026 | 1 | 28/03/2026 | Libros |